[Event "Ch_SFO"]
[Site "?"]
[Date "2018.03.19"]
[Round "7.13"]
[White "Ergeshov, Timur"]
[Black "Efanov, Mikhail"]
[Result "0-1"]
[BlackElo "2165"]
[WhiteElo "2276"]
[LiveChessVersion "1.4.8"]

1. d4 {[%clk 1:24:51]} d5 {[%clk 1:30:50]} 2. c4 {[%clk 1:25:16]} c6
{[%clk 1:31:15]} 3. cxd5 {[%clk 1:24:48]} cxd5 {[%clk 1:31:40]} 4. Nc3
{[%clk 1:25:12]} Nf6 {[%clk 1:30:22]} 5. Bf4 {[%clk 1:25:37]} Nc6
{[%clk 1:29:28]} 6. e3 {[%clk 1:26:02]} a6 {[%clk 1:29:17]} 7. Bd3
{[%clk 1:26:22]} Bg4 {[%clk 1:28:14]} 8. f3 {[%clk 1:26:44]} Bh5 {[%clk 1:28:38]}
9. Nh3 {[%clk 1:26:42]} e6 {[%clk 1:27:16]} 10. O-O {[%clk 1:27:06]} Be7
{[%clk 1:26:55]} 11. Rc1 {[%clk 1:25:55]} O-O {[%clk 1:25:08]} 12. Na4
{[%clk 1:25:21]} Nd7 {[%clk 1:18:21]} 13. a3 {[%clk 1:24:10]} Bg6
{[%clk 1:13:41]} 14. Nf2 {[%clk 1:24:03]} Rc8 {[%clk 1:04:15]} 15. b4
{[%clk 1:17:24]} b5 {[%clk 0:48:47]} 16. Nc5 {[%clk 1:17:17]} Nxc5
{[%clk 0:48:22]} 17. bxc5 {[%clk 1:16:49]} Na5 {[%clk 0:40:37]} 18. Re1
{[%clk 0:57:13]} Re8 {[%clk 0:35:48]} 19. Re2 {[%clk 0:54:31]} e5
{[%clk 0:20:58]} 20. Bxe5 {[%clk 0:42:36]} Bxc5 {[%clk 0:20:59]} 21. Rxc5
{[%clk 0:35:04]} Rxc5 {[%clk 0:21:24]} 22. dxc5 {[%clk 0:35:28]} Rxe5
{[%clk 0:21:50]} 23. Bxg6 {[%clk 0:32:35]} hxg6 {[%clk 0:22:14]} 24. Nd3
{[%clk 0:32:56]} Re6 {[%clk 0:18:03]} 25. Nb4 {[%clk 0:26:37]} d4
{[%clk 0:13:49]} 26. e4 {[%clk 0:12:13]} Qg5 {[%clk 0:10:32]} 27. Nd3
{[%clk 0:02:40]} Nc4 {[%clk 0:09:57]} 28. a4 {[%clk 0:00:51]} bxa4
{[%clk 0:08:21]} 29. Qxa4 {[%clk 0:00:53]} Ne5 {[%clk 0:07:51]} 30. f4
{[%clk 0:00:41]} Qg4 {[%clk 0:07:02]} 31. Qd1 {[%clk 0:00:34]} Nxd3 32. Qxd3
{[%clk 0:01:03]} Qxf4 {[%clk 0:06:53]} 33. Qxd4 {[%clk 0:00:46]} Qc1+
{[%clk 0:07:09]} 34. Kf2 {[%clk 0:01:03]} Rf6+ {[%clk 0:07:29]} 35. Kg3
{[%clk 0:01:31]} Qg5+ {[%clk 0:06:23]} 36. Kh3 {[%clk 0:02:00]} Qh5+
{[%clk 0:06:45]} 37. Kg3 {[%clk 0:02:26]} Qxe2 {[%clk 0:07:07]} 0-1

[Event "Ch_SFO"]
[Site "?"]
[Date "2018.03.19"]
[Round "7.14"]
[White "Ponomarev, Grigori"]
[Black "Kyshtymov, Daniil"]
[Result "1-0"]
[BlackElo "2217"]
[WhiteElo "2120"]
[LiveChessVersion "1.4.8"]

1. e4 {[%clk 1:30:49]} e6 {[%clk 1:25:27]} 2. d4 {[%clk 1:30:53]} d5
{[%clk 1:25:44]} 3. Nc3 {[%clk 1:30:25]} Bb4 {[%clk 1:25:38]} 4. exd5
{[%clk 1:30:28]} exd5 {[%clk 1:25:37]} 5. Bd3 {[%clk 1:30:38]} Nf6
{[%clk 1:12:27]} 6. Nge2 {[%clk 1:30:47]} O-O {[%clk 1:11:51]} 7. O-O
{[%clk 1:31:04]} c6 {[%clk 1:09:33]} 8. Ng3 {[%clk 1:29:02]} Bd6 {[%clk 0:56:32]}
9. Nce2 {[%clk 1:25:34]} Ne4 {[%clk 0:41:21]} 10. Bxe4 {[%clk 1:14:19]} dxe4
{[%clk 0:40:48]} 11. Nxe4 {[%clk 1:13:24]} Bxh2+ {[%clk 0:40:36]} 12. Kxh2
{[%clk 1:13:50]} Qh4+ {[%clk 0:40:47]} 13. Kg1 {[%clk 1:14:19]} Qxe4
{[%clk 0:40:50]} 14. c4 {[%clk 1:04:37]} Nd7 {[%clk 0:28:39]} 15. Nf4
{[%clk 0:50:07]} Re8 {[%clk 0:17:56]} 16. Be3 {[%clk 0:48:48]} Nf6
{[%clk 0:15:10]} 17. Re1 {[%clk 0:46:47]} Bd7 {[%clk 0:13:38]} 18. Qd2
{[%clk 0:42:25]} Qf5 {[%clk 0:10:32]} 19. f3 {[%clk 0:40:02]} h5 {[%clk 0:09:32]}
20. Rad1 {[%clk 0:30:21]} Rad8 {[%clk 0:08:29]} 21. Qf2 {[%clk 0:26:24]} Bc8
{[%clk 0:05:31]} 22. b3 {[%clk 0:23:10]} Re7 {[%clk 0:04:46]} 23. Bc1
{[%clk 0:20:59]} Rde8 {[%clk 0:04:00]} 24. Rxe7 {[%clk 0:21:17]} Rxe7
{[%clk 0:04:30]} 25. d5 {[%clk 0:19:25]} cxd5 {[%clk 0:04:02]} 26. cxd5
{[%clk 0:18:29]} b6 {[%clk 0:03:45]} 27. d6 {[%clk 0:17:11]} Rd7 {[%clk 0:03:47]}
28. Qd4 {[%clk 0:13:08]} Bb7 {[%clk 0:01:47]} 29. Bb2 {[%clk 0:11:55]} Kh7
{[%clk 0:01:06]} 30. Re1 {[%clk 0:10:46]} Qc5 {[%clk 0:00:32]} 31. Qxc5
{[%clk 0:11:05]} bxc5 {[%clk 0:01:01]} 32. Bxf6 {[%clk 0:11:09]} gxf6
{[%clk 0:00:35]} 33. Re7 {[%clk 0:10:44]} Bc6 {[%clk 0:00:32]} 34. Rxd7
{[%clk 0:11:05]} Bxd7 {[%clk 0:01:01]} 35. Nxh5 {[%clk 0:10:53]} Kg6
{[%clk 0:01:27]} 36. Nf4+ {[%clk 0:11:11]} Kf5 {[%clk 0:01:54]} 37. Nd3
{[%clk 0:11:34]} Ke6 {[%clk 0:01:39]} 38. Nxc5+ {[%clk 0:11:58]} Kxd6
{[%clk 0:02:06]} 39. Nxd7 {[%clk 0:12:11]} Kxd7 {[%clk 0:02:34]} 40. Kf2
{[%clk 0:12:32]} Kc6 {[%clk 0:02:52]} 41. Ke3 {[%clk 0:12:55]} Kc5
{[%clk 0:03:19]} 42. Kd3 {[%clk 0:12:47]} Kb4 {[%clk 0:03:39]} 43. Kc2
{[%clk 0:13:09]} Ka3 {[%clk 0:03:16]} 44. Kb1 {[%clk 0:13:30]} f5
{[%clk 0:03:43]} 45. f4 {[%clk 0:13:17]} f6 {[%clk 0:03:40]} 46. Ka1
{[%clk 0:13:37]} a5 {[%clk 0:00:49]} 47. Kb1 {[%clk 0:13:34]} a4 {[%clk 0:01:15]}
48. bxa4 {[%clk 0:13:37]} Kxa4 {[%clk 0:01:43]} 49. Kb2 {[%clk 0:13:40]} Kb4
{[%clk 0:02:10]} 50. a3+ {[%clk 0:13:40]} Kc4 {[%clk 0:02:39]} 51. Kc2
{[%clk 0:13:55]} Kd4 {[%clk 0:02:42]} 52. Kb3 {[%clk 0:13:53]} Ke3
{[%clk 0:02:11]} 53. a4 {[%clk 0:13:59]} Kxf4 {[%clk 0:02:38]} 54. a5
{[%clk 0:14:23]} Kg3 {[%clk 0:03:07]} 55. a6 {[%clk 0:14:44]} f4 {[%clk 0:03:25]}
56. a7 {[%clk 0:15:10]} Kxg2 {[%clk 0:03:52]} 57. a8=Q+ {[%clk 0:15:33]} f3
{[%clk 0:04:20]} 58. Kc3 {[%clk 0:15:53]} 1-0

[Event "Ch_SFO"]
[Site "?"]
[Date "2018.03.19"]
[Round "7.15"]
[White "Kalabukhov, Bogdan"]
[Black "Grachev, Alexey"]
[Result "1/2-1/2"]
[BlackElo "2088"]
[WhiteElo "2326"]
[LiveChessVersion "1.4.8"]

1. d4 {[%clk 1:27:47]} Nf6 {[%clk 1:30:47]} 2. c4 {[%clk 1:28:08]} c5
{[%clk 1:31:12]} 3. d5 {[%clk 1:28:36]} e6 {[%clk 1:31:38]} 4. Nc3
{[%clk 1:29:01]} exd5 {[%clk 1:32:02]} 5. cxd5 {[%clk 1:29:28]} d6
{[%clk 1:32:28]} 6. Nf3 {[%clk 1:28:38]} g6 {[%clk 1:32:48]} 7. g3
{[%clk 1:29:07]} Bg7 {[%clk 1:33:12]} 8. Bg2 {[%clk 1:29:35]} O-O
{[%clk 1:33:35]} 9. O-O {[%clk 1:30:03]} a6 {[%clk 1:33:59]} 10. a4
{[%clk 1:30:30]} Re8 {[%clk 1:34:22]} 11. Bf4 {[%clk 1:30:12]} Nh5
{[%clk 1:26:22]} 12. Bc1 {[%clk 1:25:00]} Nf6 {[%clk 1:19:30]} 13. Bf4
{[%clk 1:21:59]} Nh5 {[%clk 1:19:48]} 14. Bg5 {[%clk 1:21:47]} Qc7
{[%clk 1:19:18]} 15. e4 {[%clk 1:21:14]} Nd7 {[%clk 1:16:55]} 16. h3
{[%clk 1:03:11]} Rb8 {[%clk 1:14:32]} 17. Rc1 {[%clk 1:02:24]} b5
{[%clk 1:05:28]} 18. axb5 {[%clk 1:02:23]} axb5 {[%clk 1:05:50]} 19. b4
{[%clk 1:02:47]} Qb7 {[%clk 0:57:45]} 20. g4 {[%clk 0:57:41]} Nhf6
{[%clk 0:54:51]} 21. Nd2 {[%clk 0:56:34]} cxb4 {[%clk 0:53:58]} 22. Na2
{[%clk 0:56:41]} Nc5 {[%clk 0:44:12]} 23. Nxb4 {[%clk 0:52:19]} Nfd7
{[%clk 0:37:21]} 24. Be3 {[%clk 0:39:25]} Ra8 {[%clk 0:33:00]} 25. Qc2
{[%clk 0:36:53]} Ra3 {[%clk 0:31:44]} 26. Rfe1 {[%clk 0:33:41]} Qa8
{[%clk 0:26:18]} 27. Bf4 {[%clk 0:30:44]} Ne5 {[%clk 0:25:00]} 28. Re3
{[%clk 0:30:44]} Ra4 {[%clk 0:24:19]} 29. Rb1 {[%clk 0:28:55]} Bd7
{[%clk 0:24:07]} 30. Nc6 {[%clk 0:28:06]} Bxc6 {[%clk 0:23:05]} 31. dxc6
{[%clk 0:28:34]} Qxc6 {[%clk 0:23:30]} 32. Bf1 {[%clk 0:22:15]} Rb8
{[%clk 0:21:45]} 33. Nb3 {[%clk 0:20:57]} Rb7 {[%clk 0:13:24]} 34. Nxc5
{[%clk 0:17:17]} dxc5 {[%clk 0:13:33]} 35. Rxb5 {[%clk 0:17:21]} Rxb5
{[%clk 0:08:44]} 36. Qxa4 {[%clk 0:17:35]} Rb1 {[%clk 0:09:07]} 37. Qa2
{[%clk 0:14:26]} Qb5 {[%clk 0:06:13]} 38. Qe2 {[%clk 0:13:46]} Qxe2
{[%clk 0:06:19]} 39. Rxe2 {[%clk 0:14:15]} Nf3+ {[%clk 0:06:33]} 40. Kg2
{[%clk 0:14:34]} Nh4+ {[%clk 0:06:06]} 41. Kg3 {[%clk 0:13:56]} Rxf1
{[%clk 0:06:30]} 42. Kxh4 {[%clk 0:14:25]} Rg1 {[%clk 0:06:47]} 43. g5
{[%clk 0:14:10]} h6 {[%clk 0:03:04]} 44. Bg3 {[%clk 0:13:46]} hxg5+
{[%clk 0:02:30]} 45. Kxg5 {[%clk 0:12:35]} Be5 {[%clk 0:02:33]} 1/2-1/2

[Event "Ch_SFO"]
[Site "?"]
[Date "2018.03.19"]
[Round "7.16"]
[White "Gontcharov, Vladislav"]
[Black "Tokmashov, Maxim"]
[Result "1-0"]
[BlackElo "2072"]
[WhiteElo "2448"]
[LiveChessVersion "1.4.8"]

1. Nf3 {[%clk 1:30:54]} Nf6 {[%clk 1:23:01]} 2. c4 {[%clk 1:30:48]} e6
{[%clk 1:23:14]} 3. g3 {[%clk 1:31:04]} b6 {[%clk 1:23:29]} 4. Bg2
{[%clk 1:31:28]} Bb7 {[%clk 1:23:43]} 5. Qc2 {[%clk 1:30:52]} Be7
{[%clk 1:22:14]} 6. Nc3 {[%clk 1:31:09]} d5 {[%clk 1:21:09]} 7. cxd5
{[%clk 1:29:17]} exd5 {[%clk 1:19:26]} 8. O-O {[%clk 1:29:04]} O-O
{[%clk 1:18:45]} 9. d4 {[%clk 1:29:26]} c5 {[%clk 1:08:12]} 10. Rd1
{[%clk 1:24:01]} Qc8 {[%clk 1:04:13]} 11. Bg5 {[%clk 1:16:52]} Rd8
{[%clk 0:58:19]} 12. Rac1 {[%clk 1:14:58]} Na6 {[%clk 0:57:59]} 13. Nh4
{[%clk 1:09:43]} Qe6 {[%clk 0:45:13]} 14. Nf5 {[%clk 1:06:36]} Bf8
{[%clk 0:43:03]} 15. a3 {[%clk 1:04:00]} g6 {[%clk 0:35:06]} 16. Ne3
{[%clk 0:57:24]} Nc7 {[%clk 0:28:14]} 17. Na4 {[%clk 0:40:29]} Nce8
{[%clk 0:11:05]} 18. dxc5 {[%clk 0:39:53]} Rac8 {[%clk 0:08:42]} 19. Qb3
{[%clk 0:37:53]} b5 {[%clk 0:08:22]} 20. Nc3 {[%clk 0:32:23]} Rxc5
{[%clk 0:07:48]} 21. Nc2 {[%clk 0:28:02]} a6 {[%clk 0:04:14]} 22. a4
{[%clk 0:27:54]} Rdc8 {[%clk 0:02:15]} 23. axb5 {[%clk 0:27:56]} axb5
{[%clk 0:01:55]} 24. Be3 {[%clk 0:24:53]} Rc4 {[%clk 0:02:01]} 25. Nd4
{[%clk 0:23:57]} Qg4 {[%clk 0:01:05]} 26. h3 {[%clk 0:23:56]} Qh5
{[%clk 0:01:24]} 27. Ncxb5 {[%clk 0:21:10]} Rb4 {[%clk 0:01:41]} 28. Qa2
{[%clk 0:20:03]} Ra8 {[%clk 0:01:54]} 29. Qb1 {[%clk 0:20:23]} Ne4
{[%clk 0:00:57]} 30. Nc3 {[%clk 0:19:29]} N8d6 {[%clk 0:01:01]} 31. Nxe4
{[%clk 0:17:50]} dxe4 {[%clk 0:01:15]} 32. b3 {[%clk 0:17:39]} Bd5
{[%clk 0:00:47]} 33. Rc5 {[%clk 0:17:25]} Nc4 {[%clk 0:00:46]} 34. g4
{[%clk 0:16:04]} Qe5 {[%clk 0:01:02]} 35. Nc6 {[%clk 0:16:28]} Nxe3
{[%clk 0:00:37]} 36. Nxe5 {[%clk 0:16:46]} Bxc5 {[%clk 0:01:05]} 37. fxe3
{[%clk 0:16:37]} Bxb3 {[%clk 0:00:35]} 38. Nc6 {[%clk 0:15:20]} Rb6
{[%clk 0:00:39]} 39. Rd8+ {[%clk 0:13:46]} Rxd8 {[%clk 0:00:49]} 40. Nxd8
{[%clk 0:14:11]} Bxe3+ {[%clk 0:00:57]} 41. Kh1 {[%clk 0:14:07]} Bd5
{[%clk 0:00:32]} 42. Qc2 {[%clk 0:13:52]} Rb8 {[%clk 0:00:32]} 43. Nxf7
{[%clk 0:10:30]} Bxf7 {[%clk 0:00:37]} 44. Bxe4 {[%clk 0:10:55]} Rd8
{[%clk 0:00:38]} 45. Kg2 {[%clk 0:11:21]} Bd4 {[%clk 0:00:38]} 46. Qc6
{[%clk 0:11:10]} Be5 {[%clk 0:00:34]} 47. h4 {[%clk 0:11:00]} Kg7
{[%clk 0:00:37]} 48. Qb7 {[%clk 0:10:04]} Bf6 {[%clk 0:00:35]} 49. g5
{[%clk 0:09:37]} Be5 {[%clk 0:00:41]} 50. Qe7 {[%clk 0:09:12]} Re8
{[%clk 0:01:05]} 51. Qd7 {[%clk 0:09:15]} Kf8 {[%clk 0:00:56]} 52. Bc6
{[%clk 0:09:04]} Rb8 {[%clk 0:00:33]} 53. Bb7 {[%clk 0:07:16]} Re8
{[%clk 0:00:52]} 54. e4 {[%clk 0:07:18]} Re7 {[%clk 0:01:05]} 55. Qc8+
{[%clk 0:07:40]} Kg7 {[%clk 0:00:48]} 56. Bd5 {[%clk 0:06:41]} Be8
{[%clk 0:00:36]} 57. Qc5 {[%clk 0:06:06]} Rc7 {[%clk 0:00:37]} 58. Qb6
{[%clk 0:06:22]} Rc2+ {[%clk 0:00:35]} 59. Kf3 {[%clk 0:06:04]} Rc3+
{[%clk 0:00:49]} 60. Ke2 {[%clk 0:06:27]} Bd7 {[%clk 0:00:57]} 61. Qa5
{[%clk 0:05:12]} Bg4+ {[%clk 0:00:31]} 62. Kd2 {[%clk 0:05:08]} Rc7
{[%clk 0:00:39]} 63. Bc4 {[%clk 0:03:34]} Bf4+ {[%clk 0:00:45]} 64. Kd3
{[%clk 0:03:55]} Rd7+ {[%clk 0:00:41]} 65. Bd5 {[%clk 0:04:21]} h6
{[%clk 0:00:32]} 66. Qc3+ {[%clk 0:03:47]} Kh7 {[%clk 0:00:55]} 67. Qf6
{[%clk 0:04:09]} hxg5 {[%clk 0:00:45]} 68. hxg5 {[%clk 0:04:34]} Bd6
{[%clk 0:00:32]} 69. Qf2 {[%clk 0:04:25]} Be5 {[%clk 0:00:36]} 70. Qh4+
{[%clk 0:04:34]} Bh5 {[%clk 0:01:02]} 71. Qh3 {[%clk 0:04:57]} Rg7
{[%clk 0:00:37]} 72. Qe6 {[%clk 0:04:26]} Bb2 {[%clk 0:00:38]} 73. e5
{[%clk 0:04:15]} Ba3 {[%clk 0:00:46]} 74. Ke4 {[%clk 0:04:19]} Be7
{[%clk 0:01:03]} 75. Kf4 {[%clk 0:04:44]} Ba3 {[%clk 0:01:14]} 76. Qc6
{[%clk 0:04:20]} Bb4 {[%clk 0:01:26]} 77. Qf6 {[%clk 0:03:39]} Be7
{[%clk 0:01:39]} 78. Qb6 {[%clk 0:03:57]} Ba3 {[%clk 0:01:51]} 79. Ke4
{[%clk 0:03:14]} Be7 {[%clk 0:00:57]} 80. Qe3 {[%clk 0:03:23]} Bd8
{[%clk 0:00:50]} 81. Qf4 {[%clk 0:02:39]} Be7 {[%clk 0:00:56]} 82. Be6
{[%clk 0:01:23]} Bc5 {[%clk 0:00:41]} 83. Bf7 {[%clk 0:01:42]} Be7
{[%clk 0:00:40]} 84. e6 {[%clk 0:02:04]} Ba3 {[%clk 0:00:34]} 85. Kd5
{[%clk 0:02:27]} Be7 {[%clk 0:00:48]} 86. Kc6 {[%clk 0:02:44]} Ba3
{[%clk 0:00:40]} 87. Kd7 {[%clk 0:02:30]} Bc5 {[%clk 0:00:47]} 88. e7
{[%clk 0:02:23]} Bxe7 {[%clk 0:01:09]} 89. Kxe7 {[%clk 0:02:48]} 1-0

[Event "Ch_SFO"]
[Site "?"]
[Date "2018.03.19"]
[Round "7.17"]
[White "Glushenkov, Konstantin"]
[Black "Nevostrujev, Vladimir"]
[Result "1-0"]
[BlackElo "2419"]
[WhiteElo "1722"]
[LiveChessVersion "1.4.8"]

1. e4 {[%clk 1:30:56]} c5 {[%clk 1:25:58]} 2. Nf3 {[%clk 1:31:06]} d6
{[%clk 1:26:26]} 3. d4 {[%clk 1:31:26]} cxd4 {[%clk 1:26:52]} 4. Nxd4
{[%clk 1:31:49]} Nf6 {[%clk 1:27:13]} 5. Nc3 {[%clk 1:32:07]} a6 {[%clk 1:27:37]}
6. Be3 {[%clk 1:30:48]} e5 {[%clk 1:26:16]} 7. Nb3 {[%clk 1:31:06]} Be7
{[%clk 1:25:59]} 8. f3 {[%clk 1:28:08]} O-O {[%clk 1:23:55]} 9. Qd2
{[%clk 1:21:36]} Be6 {[%clk 1:21:50]} 10. O-O-O {[%clk 1:15:27]} Nbd7
{[%clk 1:20:10]} 11. g4 {[%clk 1:10:20]} b5 {[%clk 1:20:12]} 12. a3
{[%clk 1:03:01]} Nb6 {[%clk 0:55:41]} 13. Na5 {[%clk 0:54:15]} Qc7
{[%clk 0:54:16]} 14. g5 {[%clk 0:46:25]} Nfd7 {[%clk 0:52:15]} 15. Nd5
{[%clk 0:41:03]} Bxd5 {[%clk 0:50:18]} 16. exd5 {[%clk 0:41:15]} Nxd5
{[%clk 0:40:59]} 17. Qxd5 {[%clk 0:41:15]} Qxa5 {[%clk 0:41:20]} 18. Qc6
{[%clk 0:37:14]} Nc5 {[%clk 0:33:51]} 19. Bd2 {[%clk 0:25:23]} Qa4
{[%clk 0:24:25]} 20. Bb4 {[%clk 0:17:03]} d5 {[%clk 0:10:25]} 21. Bh3
{[%clk 0:09:10]} a5 {[%clk 0:04:40]} 22. Bxc5 {[%clk 0:07:24]} Qc4
{[%clk 0:04:23]} 23. Qxd5 {[%clk 0:02:46]} Bxc5 {[%clk 0:04:02]} 24. Qxc4
{[%clk 0:02:17]} bxc4 {[%clk 0:04:31]} 25. Rd5 {[%clk 0:02:11]} Be3+
{[%clk 0:04:32]} 26. Kb1 {[%clk 0:02:31]} Rfe8 {[%clk 0:04:14]} 27. Re1
{[%clk 0:01:40]} Bf4 {[%clk 0:04:42]} 28. Re2 {[%clk 0:01:16]} g6
{[%clk 0:02:49]} 29. Rc5 {[%clk 0:00:57]} Kg7 {[%clk 0:02:22]} 30. Rxc4
{[%clk 0:00:44]} Bxg5 {[%clk 0:02:42]} 31. Rc7 {[%clk 0:00:42]} h5
{[%clk 0:01:50]} 32. c4 {[%clk 0:00:40]} Bf4 {[%clk 0:00:44]} 33. Rd7
{[%clk 0:00:36]} Rab8 {[%clk 0:00:37]} 34. c5 {[%clk 0:00:40]} Rb5
{[%clk 0:00:41]} 35. c6 {[%clk 0:00:40]} Rc5 {[%clk 0:00:52]} 36. c7
{[%clk 0:00:32]} Rc8 {[%clk 0:00:00]} 1-0

[Event "Ch_SFO"]
[Site "?"]
[Date "2018.03.19"]
[Round "7.18"]
[White "Siuniakov, Igor"]
[Black "Khubukshanov, Erdem"]
[Result "0-1"]
[BlackElo "2046"]
[WhiteElo "2302"]
[LiveChessVersion "1.4.8"]

1. Nf3 {[%clk 1:30:50]} d5 {[%clk 1:30:52]} 2. g3 {[%clk 1:31:08]} Bg4
{[%clk 1:31:15]} 3. Bg2 {[%clk 1:31:23]} Nd7 {[%clk 1:31:36]} 4. c4
{[%clk 1:31:27]} e6 {[%clk 1:30:41]} 5. Qc2 {[%clk 1:30:31]} Ngf6
{[%clk 1:29:45]} 6. O-O {[%clk 1:30:51]} Be7 {[%clk 1:30:05]} 7. b3
{[%clk 1:29:12]} O-O {[%clk 1:28:56]} 8. Bb2 {[%clk 1:29:11]} Re8
{[%clk 1:25:17]} 9. d3 {[%clk 1:27:23]} a5 {[%clk 1:13:59]} 10. a3
{[%clk 1:27:24]} c6 {[%clk 1:12:13]} 11. Nbd2 {[%clk 1:21:00]} Bd6
{[%clk 1:06:26]} 12. e4 {[%clk 1:18:37]} dxe4 {[%clk 1:06:46]} 13. dxe4
{[%clk 1:18:42]} e5 {[%clk 1:07:12]} 14. Nh4 {[%clk 1:17:37]} Qb6
{[%clk 1:05:00]} 15. h3 {[%clk 1:14:58]} Be6 {[%clk 1:02:47]} 16. Nf5
{[%clk 1:12:03]} Bf8 {[%clk 1:00:58]} 17. Bc3 {[%clk 1:03:57]} Qa6
{[%clk 0:49:19]} 18. Ne3 {[%clk 0:57:22]} Bc5 {[%clk 0:48:50]} 19. Nd5
{[%clk 0:54:26]} cxd5 {[%clk 0:42:55]} 20. exd5 {[%clk 0:54:41]} Bxd5
{[%clk 0:43:22]} 21. cxd5 {[%clk 0:54:19]} Rac8 {[%clk 0:43:46]} 22. Qb2
{[%clk 0:52:24]} Qd3 {[%clk 0:43:39]} 23. Rac1 {[%clk 0:34:44]} Qxg3
{[%clk 0:26:32]} 24. Bxa5 {[%clk 0:34:07]} Qg6 {[%clk 0:21:52]} 25. Kh1
{[%clk 0:31:07]} Nh5 {[%clk 0:20:50]} 26. Nf3 {[%clk 0:26:41]} Nf4
{[%clk 0:19:57]} 27. Ne1 {[%clk 0:23:39]} Qh5 {[%clk 0:17:37]} 28. Kh2
{[%clk 0:22:19]} Nf6 {[%clk 0:13:23]} 29. Rc2 {[%clk 0:15:43]} e4
{[%clk 0:11:36]} 30. Rc3 {[%clk 0:05:52]} Bd4 {[%clk 0:08:58]} 31. Qd2
{[%clk 0:04:59]} Bxc3 {[%clk 0:07:21]} 32. Bxc3 {[%clk 0:05:19]} Ng4+
{[%clk 0:07:25]} 33. Kg3 {[%clk 0:03:26]} Rxc3+ {[%clk 0:07:42]} 34. f3
{[%clk 0:03:04]} Ne2+ {[%clk 0:06:44]} 35. Qxe2 {[%clk 0:03:08]} Qe5+
{[%clk 0:07:09]} 36. Kxg4 {[%clk 0:03:22]} h5+ {[%clk 0:07:32]} 37. Kh4
{[%clk 0:03:35]} Qf4+ {[%clk 0:08:01]} 0-1

[Event "Ch_SFO"]
[Site "?"]
[Date "2018.03.19"]
[Round "7.19"]
[White "Kuznetsov, Andrei S"]
[Black "Zhukov, Ivan"]
[Result "1-0"]
[BlackElo "1939"]
[WhiteElo "2259"]
[LiveChessVersion "1.4.8"]

1. e4 {[%clk 1:22:34]} c5 {[%clk 1:30:53]} 2. Nf3 {[%clk 1:23:02]} d6
{[%clk 1:31:12]} 3. d4 {[%clk 1:23:21]} cxd4 {[%clk 1:31:32]} 4. Qxd4
{[%clk 1:23:49]} Nc6 {[%clk 1:31:47]} 5. Bb5 {[%clk 1:24:17]} Bd7
{[%clk 1:32:01]} 6. Bxc6 {[%clk 1:24:43]} Bxc6 {[%clk 1:32:25]} 7. Nc3
{[%clk 1:25:09]} Nf6 {[%clk 1:31:59]} 8. Bg5 {[%clk 1:25:36]} e6 {[%clk 1:31:30]}
9. O-O-O {[%clk 1:25:59]} Be7 {[%clk 1:31:22]} 10. Qd3 {[%clk 1:25:51]} O-O
{[%clk 1:29:43]} 11. Nd4 {[%clk 1:26:03]} Rc8 {[%clk 1:13:01]} 12. h4
{[%clk 1:23:44]} a6 {[%clk 1:11:18]} 13. f4 {[%clk 1:22:24]} h6 {[%clk 1:06:42]}
14. Kb1 {[%clk 1:22:28]} Re8 {[%clk 0:55:09]} 15. f5 {[%clk 1:20:23]} Ng4
{[%clk 0:45:44]} 16. Qg3 {[%clk 1:11:55]} hxg5 {[%clk 0:31:55]} 17. Qxg4
{[%clk 1:08:11]} e5 {[%clk 0:28:21]} 18. Nf3 {[%clk 1:07:33]} gxh4
{[%clk 0:27:47]} 19. Qh5 {[%clk 1:07:01]} Bf6 {[%clk 0:26:11]} 20. g4
{[%clk 1:07:10]} Qc7 {[%clk 0:21:57]} 21. g5 {[%clk 1:06:39]} Bxe4
{[%clk 0:19:09]} 22. gxf6 {[%clk 1:06:41]} Bxf3 {[%clk 0:18:32]} 23. Qg5
{[%clk 1:06:44]} g6 {[%clk 0:18:15]} 24. Qh6 {[%clk 1:07:07]} 1-0

[Event "Ch_SFO"]
[Site "?"]
[Date "2018.03.19"]
[Round "7.20"]
[White "Salchak, Dolaan"]
[Black "Babakekhyan, Artem"]
[Result "0-1"]
[BlackElo "1892"]
[WhiteElo "2169"]
[LiveChessVersion "1.4.8"]

1. d4 {[%clk 1:29:30]} Nf6 {[%clk 1:30:56]} 2. c4 {[%clk 1:29:56]} g6
{[%clk 1:31:23]} 3. Nc3 {[%clk 1:30:22]} d5 {[%clk 1:31:51]} 4. cxd5
{[%clk 1:30:14]} Nxd5 {[%clk 1:32:12]} 5. e4 {[%clk 1:30:32]} Nxc3
{[%clk 1:32:35]} 6. bxc3 {[%clk 1:31:00]} Bg7 {[%clk 1:32:59]} 7. Bc4
{[%clk 1:30:59]} O-O {[%clk 1:33:03]} 8. Ne2 {[%clk 1:29:34]} c5 {[%clk 1:33:26]}
9. O-O {[%clk 1:29:51]} Nc6 {[%clk 1:33:42]} 10. Be3 {[%clk 1:30:14]} Qc7
{[%clk 1:34:04]} 11. Rc1 {[%clk 1:28:45]} Rd8 {[%clk 1:34:32]} 12. f3
{[%clk 1:23:13]} Na5 {[%clk 1:28:31]} 13. Bd3 {[%clk 1:20:12]} c4
{[%clk 1:28:05]} 14. Bc2 {[%clk 1:20:37]} b5 {[%clk 1:28:18]} 15. f4
{[%clk 1:11:42]} Nc6 {[%clk 1:22:20]} 16. Qe1 {[%clk 1:10:53]} e6
{[%clk 1:20:16]} 17. f5 {[%clk 1:08:01]} exf5 {[%clk 1:17:31]} 18. exf5
{[%clk 1:08:25]} Qe7 {[%clk 1:17:28]} 19. Qg3 {[%clk 1:02:36]} Re8
{[%clk 1:10:20]} 20. Rf3 {[%clk 1:02:21]} Bb7 {[%clk 1:09:00]} 21. Rcf1
{[%clk 0:47:35]} Nd8 {[%clk 1:07:33]} 22. Nf4 {[%clk 0:47:21]} Bxf3
{[%clk 1:06:49]} 23. Rxf3 {[%clk 0:47:36]} Qd6 {[%clk 1:02:31]} 24. h4
{[%clk 0:30:15]} Bh6 {[%clk 1:01:19]} 25. h5 {[%clk 0:25:08]} Rxe3
{[%clk 0:56:13]} 26. Rxe3 {[%clk 0:13:26]} Qxf4 {[%clk 0:56:30]} 27. Re8+
{[%clk 0:13:53]} Kg7 {[%clk 0:56:50]} 28. Qe1 {[%clk 0:14:15]} Bg5
{[%clk 0:53:33]} 29. hxg6 {[%clk 0:13:28]} hxg6 {[%clk 0:52:46]} 30. fxg6
{[%clk 0:13:56]} fxg6 {[%clk 0:52:25]} 31. g3 {[%clk 0:05:21]} Qc1
{[%clk 0:50:32]} 32. Bd1 {[%clk 0:05:51]} Qd2 {[%clk 0:50:13]} 33. Qe5+
{[%clk 0:06:00]} Bf6 {[%clk 0:50:26]} 34. Qc7+ {[%clk 0:06:18]} Nf7
{[%clk 0:46:41]} 35. Rxa8 {[%clk 0:06:38]} Qxd1+ {[%clk 0:47:03]} 36. Kg2
{[%clk 0:06:21]} Qe2+ {[%clk 0:47:03]} 37. Kg1 {[%clk 0:06:19]} Bg5
{[%clk 0:46:39]} 38. Rxa7 {[%clk 0:06:09]} Be3+ {[%clk 0:46:49]} 39. Kh1
{[%clk 0:06:33]} Qf1+ {[%clk 0:47:09]} 40. Kh2 {[%clk 0:05:44]} Bg1+
{[%clk 0:47:23]} 41. Kh1 {[%clk 0:04:45]} Bxd4+ {[%clk 0:47:45]} 0-1